Los delitos de falsedad documental.

Збережено в:
Бібліографічні деталі
Автор: Vera Vega, Jaime (autor)
Інші автори: Corcoy Bidasolo, Mirentxu (prólogo), Mayer Lux, Laura Viviana (prólogo)
Формат: Книга
Опубліковано: Montevideo, Uruguay; Buenos Aires, Argentina: B de F, 2023.
Предмети:
Теги: Додати тег
Немає тегів, Будьте першим, хто поставить тег для цього запису!

MARC

LEADER 00000nam a22000007a 4500
003 CL-VaPUC
005 20240812112029.0
008 230828t2023 ||||| |||| 00| 0 eng d
999 |c 441727  |d 441725 
020 |a 978-9915-650-90-6 
040 |c Pontificia Universidad Católica de Valparaíso 
082 0 4 |2 22  |a 345.02635 VER 2023 
100 1 |a Vera Vega, Jaime  |e autor  |9 884410 
245 1 4 |a Los delitos de falsedad documental. 
260 |a Montevideo, Uruguay;  |a Buenos Aires, Argentina:  |b B de F,  |c 2023. 
300 |a 432 páginas. 
500 |a c.1-2 Donación Jaime Vera Vega. Memo N° 028 25/08/2023. 
583 |c 20230828  |k Catalogador Asistente 
650 1 |a Falsificación de documentos  |9 498876 
650 1 |a Delitos contra la propiedad  |9 256091 
650 1 |a Derecho penal  |9 11 
700 |a Corcoy Bidasolo, Mirentxu  |e prólogo  |9 884411 
700 |a Mayer Lux, Laura Viviana  |e prólogo  |9 884412 
942 |2 ddc  |c BK 
952 |0 0  |1 0  |2 ddc  |4 0  |6 345_026350000000000_VER_2023  |7 0  |8 A  |9 591375  |a BIBDER  |b BIBDER  |c GEN  |d 2023-08-28  |e Donación  |i 5658503  |l 4  |o 345.02635 VER 2023  |p 5658503  |r 2024-05-06  |s 2024-05-06  |t 1  |w 2023-08-28  |y BK  |k DER 
952 |0 0  |1 0  |2 ddc  |4 0  |6 345_026350000000000_VER_2023  |7 1  |8 C_LRYV  |9 591376  |a FDOBRV  |b BIBDER  |d 2023-08-28  |e Donación  |i 5658504  |o 345.02635 VER 2023  |p 5658504  |r 2023-08-28  |t 2  |w 2023-08-28  |y BK_X  |k BRV 
952 |0 0  |1 0  |2 ddc  |4 0  |6 345_026350000000000_VER_2023  |7 0  |8 A  |9 591383  |a BIBDER  |b BIBDER  |c GEN  |d 2023-08-30  |e Donación  |i 5658515  |l 2  |o 345.02635 VER 2023  |p 5658515  |r 2023-11-23  |s 2023-10-31  |t 3  |w 2023-08-30  |y BK  |k DER